The Malaysian trade classification and customs duties order import duties, export duties, sales tax, import licence (AP), export licence (AP) : all amendments up to 7 October 2011 including 2012 budget amendments.
| Format: | Book |
|---|---|
| Published: |
Kuala Lumpur:
MDC,
2011.
|
| Subjects: |
| LEADER | 00555cam a2200133 7i4500 | ||
|---|---|---|---|
| 001 | 0000027354 | ||
| 005 | 20120105090000.0 | ||
| 020 | 0 | 0 | |a 9789677013904 |
| 090 | 0 | 0 | |a T 382.7 |b MAL (M) |
| 245 | 0 | 4 | |a The Malaysian trade classification and customs duties order import duties, export duties, sales tax, import licence (AP), export licence (AP) : |b all amendments up to 7 October 2011 including 2012 budget amendments. |
| 260 | 0 | 0 | |a Kuala Lumpur: |b MDC, |c 2011. |
| 650 | 0 | 0 | |a Tariff -- |z Malaysia |
| 651 | 0 | 0 | |a Malaysia |
| 999 | |a B000030018 |b Book |c Tariffs |e Business Information Centre | ||